000 02142cam a22005654i 4500
003 PE-LiUPU
005 20250731180145.0
008 150706s r 000 0 d
020 _a9788492812363
035 _a(Sirsi) i9788492812363
040 _aPE-LiUPU
_bspa
_cPE-LiUPU
_erda
049 _aPRUA
082 0 4 _a515.83
_bT69
_221
100 1 _aTomeo Purucha, Venacio,
_eautor.
245 1 0 _aCálculo en una variable /
_cVenacio Tomeo Perucha, Isaías Uña Juárez y Jesús San Martín Moreno.
264 1 _aMadrid :
_bGarceta,
_c2011.
300 _a406 páginas :
_bilustraciones ;
_c26 cm.
336 _atext
_2rdacontent
337 _aunmediated
_2rdamedia
338 _avolume
_2rdacarrier
490 0 _a707 ejercicios desarrollados
504 _aIncluye bibliografía.
505 0 _aNúmeros reales -- Funciones reales -- Límites y continuidad -- La derivada a y sus aplicaciones -- Aproximación mediante funciones polinómicas -- Cálculo de primitivas -- Cálculo de Reimann -- Integrales -- impropias -- Series numéricas -- Series de potencias -- Soluciones de los problemas propuestas -- Tablas matemáticas.
526 _aSEG44
526 _aSEG26
526 _aP159
526 _aP155
526 _aP154
526 _aP153
526 _aP150
526 _aP100
526 _aP31
526 _aP30
526 _aP26
526 _aP25
526 _aP24
526 _aP22
526 _aP15
526 _aP10
541 _g015-0012821;
650 0 4 _aFunciones de variable real.
700 1 _aUña Juárez, Isaías,
_eautor.
700 1 _aSan Martín Moreno, Jesús,
_eautor.
910 _bjv
_cng
_d20110602
942 _2ddc
_cBOOK
949 _a515.83 T69
_wDEWEY
_c1
_i63068
_lCCODEBUL1
_mBUL
_p51.00
_r0
_sY
_tBOOK
_u2015-7-6
_xINGENIERIA
_zUNKNOWN
_o.STAFF. Colección General
994 _aC0
_bPEPRU
596 _a1
999 _a515.83 T69
_wDEWEY
_c52083
_i63068
_d52083
_f2021-11-9
_g7
_lCCODEBUL1
_mBUL
_p51.00
_q2
_r0
_sY
_tBOOK
_u2015-7-6
_xINGENIERIA
_zUNKNOWN
_0COMPRA
_o.STAFF. Colección General
980 _81
_gALBERTO SANCHEZ Responsable de Automatización